000 00476nam a2200181Ia 4500
001 23183
005 20260414150920.0
008 260414t2017||||xx |||||||||||||| ||spa||
041 _aESP
082 _a625.725
_bD81
110 _aPerú. Direción General de Caminos y Ferrocarriles
245 0 _aManual de carreteras :
_bdiseño geométrico DG 2014
260 _c2017
300 _a303 páginas :
_c24 cm.
650 _a0
654 _aCIC
942 _cLIB
_dJUS
_fJUS
_2ddc
_n
999 _c23183
_d23183